Kívül a kormányon

Podrobná bibliografia
Hlavný autor: Tokár, Géza (Autor)
Médium: Článok
Jazyk:maďarčina
ISSN:1335-7050
Predmet:

MARC

LEADER 00000nab a2200000 ar4500
001 vtls010210419
003 SK-MaSNL
005 20260318122651.0
008 110210c20110201xo |||||||| 000 b|hun
015 |a SNBRB2011/02  |2 snkbucl 
038 |a SNKBUCL 
040 |a DSZK  |b slo  |c DSZK  |e AACR2 
041 0 |a hun 
044 |a xo  |c SK 
080 |a 328.132.4  |x (437.6)  |2 2001 
080 |a 328.122  |x (437.6)  |2 2001 
080 |a 342.534  |x (437.6)  |2 2001 
080 |a 061.23  |x (437.6)  |2 2001 
080 |a 329.11  |x (437.6)  |b OKS  |2 2001 
100 1 |a Tokár, Géza  |4 aut  |9 871056 
245 1 0 |a Kívül a kormányon  |c Tokár Géza 
610 2 7 |a Občianska konzervatívna strana  |2 snkbucl  |9 58260 
610 2 7 |a Obyčajní ľudia a nezávislé osobnosti (politická strana)  |2 snkbucl  |9 214290 
650 0 7 |a vládne koalície  |2 SNKPH  |9 4812 
650 0 7 |a politické koalície  |2 SNKPH  |9 118761 
650 0 7 |a poslanci  |2 SNKPH  |9 1797 
651 7 |a Slovensko  |2 SNKPHgeo  |9 14231 
655 7 |a komentáre  |2 SNKPH  |9 70412 
773 0 |t Új szó  |g Évf. 64, sz. 25 (1.2.2011), o. 7  |x 1335-7050 
852 |a SNK  |b KIS3GCP 
852 |a DSZK  |b KIS3GCP 
958 |a HU 
958 |a SK 
999 |c 3139627  |d 3141557